Oleanna / (Record no. 200468179)

MARC details
000 -LEADER
fixed length control field 02111cam a2200457 i 4500
001 - CONTROL NUMBER
control field 200468179
003 - CONTROL NUMBER IDENTIFIER
control field TR-AnTOB
005 - DATE AND TIME OF LATEST TRANSACTION
control field 20260417142023.0
007 - PHYSICAL DESCRIPTION FIXED FIELD--GENERAL INFORMATION
fixed length control field ta
008 - FIXED-LENGTH DATA ELEMENTS--GENERAL INFORMATION
fixed length control field 260417t19931992nyu 000 d eng
010 ## - LIBRARY OF CONGRESS CONTROL NUMBER
LC control number 92050638
020 ## - INTERNATIONAL STANDARD BOOK NUMBER
International Standard Book Number 067974536X
Qualifying information (paperback)
International Standard Book Number 9780679745365
Qualifying information (paperback)
035 ## - SYSTEM CONTROL NUMBER
System control number (CLU)4159799-ucladb-Voyager
System control number (OCoLC)26856886
System control number (OCoLC)ocm26856886
System control number (EXLNZ-01UCS_NETWORK)9912834929606531
System control number (TR-AnTOB)200468179
040 ## - CATALOGING SOURCE
Original cataloging agency DLC
Language of cataloging eng
Description conventions rda
Transcribing agency DLC
Modifying agency CUM
-- XY4
-- NLGGC
-- BAKER
-- BTCTA
-- YDXCP
-- BDX
-- OCLCO
-- OCLCF
-- SJE
-- OCLCQ
-- OCLCA
-- IHV
-- AUHCL
-- OCL
-- OCLCQ
-- CSJ
-- OCLCO
-- OKX
-- OCLCQ
-- OCLCO
-- OCLCA
-- CPS
-- TYC
-- OCLCO
-- XFF
-- OCLCO
-- VP@
-- XXWGB
-- OCLCA
-- L2U
-- OCLCO
-- OCLCL
-- OCLCQ
-- IG#
-- OCLCL
-- OCLCQ
-- SJD
-- TR-AnTOB
041 0# - LANGUAGE CODE
Language code of text/sound track or separate title İngilizce
050 00 - LIBRARY OF CONGRESS CALL NUMBER
Classification number PS3563.A4345
Item number O4 1993
090 ## - LOCALLY ASSIGNED LC-TYPE CALL NUMBER (OCLC); LOCAL CALL NUMBER (RLIN)
Classification number (OCLC) (R) ; Classification number, CALL (RLIN) (NR) PS3563.A4345
Local cutter number (OCLC) ; Book number/undivided call number, CALL (RLIN) O4 1993
100 1# - MAIN ENTRY--PERSONAL NAME
Personal name Mamet, David
Relator term author
Relator code aut
Authority record control number or standard number http://id.loc.gov/authorities/names/n77012756
9 (RLIN) 153768
245 10 - TITLE STATEMENT
Title Oleanna /
Statement of responsibility, etc. David Mamet.
250 ## - EDITION STATEMENT
Edition statement First Vintage books edition.
264 #1 - PRODUCTION, PUBLICATION, DISTRIBUTION, MANUFACTURE, AND COPYRIGHT NOTICE
Place of production, publication, distribution, manufacture New York :
Name of producer, publisher, distributor, manufacturer Vintage Books,
Date of production, publication, distribution, manufacture, or copyright notice 1993.
Date of production, publication, distribution, manufacture, or copyright notice ©1992
300 ## - PHYSICAL DESCRIPTION
Extent xv, 80 pages ;
Dimensions 21 cm
336 ## - CONTENT TYPE
Content type term text
Content type code txt
Source rdacontent
337 ## - MEDIA TYPE
Media type term unmediated
Media type code n
Source rdamedia
338 ## - CARRIER TYPE
Carrier type term volume
Carrier type code nc
Source rdacarrier
380 ## - FORM OF WORK
Form of work Drama
520 ## - SUMMARY, ETC.
Summary, etc. "In David Mamet's latest play, a male college instructor and his female student sit down to discuss her grades and in a terrifyingly short time become the participants in a modern reprise of the Inquisition. Innocuous remarks suddenly turn damning. Socratic dialogue gives way to heated assault. And the relationship between a somewhat fatuous teacher and his seemingly hapless pupil turns into a fiendishly accurate X ray of the mechanisms of power, censorship, and abuse"--Page 4 of cover.
650 #0 - SUBJECT ADDED ENTRY--TOPICAL TERM
Topical term or geographic name entry element Women college students
Form subdivision Drama
9 (RLIN) 153769
Topical term or geographic name entry element College teachers
Form subdivision Drama
9 (RLIN) 153675
Topical term or geographic name entry element Teacher-student relationships
Form subdivision Drama
9 (RLIN) 96469
655 #7 - INDEX TERM--GENRE/FORM
Genre/form data or focus term Drama
Source of term lcgft
9 (RLIN) 153046
942 ## - ADDED ENTRY ELEMENTS (KOHA)
Source of classification or shelving scheme Library of Congress Classification
Koha item type Book
Holdings
Withdrawn status Lost status Source of classification or shelving scheme Not for loan Collection code Home library Current library Shelving location Date acquired Source of acquisition Inventory number Total Checkouts Full call number Date last seen Copy number Date shelved Koha item type Public note
    Library of Congress Classification Ödünç Verilemez-Kurumiçi kullanım / Not for loan-For inhouse use Genel Koleksiyon Tıp Fakültesi Medikal Kütüphane Tıp Fakültesi Medikal Kütüphane Genel Koleksiyon / Main Collection 18/03/2026 Bağış / Donation İDE   PS3563.A4345 O4 1993 TıpFaK 17/04/2026 1 17/04/2026 Book Donated by Prof. Dr. Şükrü Cin
Devinim Yazılım Eğitim Danışmanlık tarafından Koha'nın orjinal sürümü uyarlanarak geliştirilip kurulmuştur.